20 Famous Crossings - Statistics

General Stats
  • This quiz has been taken 22 times
  • The average score is 9 of 20
Answer Stats
Who/What crossed the... % Correct
Charles Lindbergh Atlantic Ocean
95%
William the Conqueror English Channel
89%
Hannibal The Alps
89%
Julius Caesar Rubicon River
84%
The chicken The road
84%
The Israelites Red Sea
79%
Washington Delaware River
68%
Charon River Styx
63%
Voyager 1 Heliopause
53%
Paleo-Indians Bering Strait
47%
The Beatles Abbey Road
37%
Vasco Núñez de Balboa Isthmus of Panama
32%
Evel Knievel Snake River
26%
King Arthur and Lancelot Bridge of Death
11%
Charles Blondin Niagara Gorge
11%
Operation Plunder Rhine River
11%
Alexander Mackenzie Rocky Mountains
11%
Horatio Nelson The T
11%
James Cook Antarctic Circle
5%
Francis Gary Powers Glienicke Bridge
0%
No matching quizzes found
Score Distribution
Percent of People with Each Score
Percentile by Number Answered
Your Score History
You have not taken this quiz